Biggest Cities by Country - Sudden Death - Statistics

General Stats
  • This quiz has been taken 9,537 times
    3,300 since last reset
  • The average score is 14 of 28
Answers on the Grid
Answers color-coded by a green-red scale on the quiz's grid according to % correct below.
Addis Ababa
Almaty
Amman
Ankara
Athens
Baku
Bangkok
Barcelona
Beijing
Bern
Bishkek
Bucharest
Busan
Cairo
Cape Town
Chittagong
Copenhagen
Dubai
Dubrovnik
Frankfurt
Gothenburg
Hong Kong
Honiara
Jerusalem
Kathmandu
Kuala Lumpur
London
Los Angeles
Makassar
Manila
Mbuji-Mayi
Mecca
Medellin
Mexico City
Monterrey
Moscow
New York City
Oslo
Paris
Porto
Reykjavik
Rio de Janeiro
Riyadh
San Salvador
Santiago
Stockholm
Thessaloniki
Tokyo
Toronto
Wellington
 
Answer Stats
Answer % Correct
Athens
69%
Addis Ababa
67%
Bangkok
67%
Baku
60%
Copenhagen
58%
Cairo
56%
London
56%
Bucharest
55%
Amman
53%
Moscow
53%
New York City
53%
Tokyo
53%
Mexico City
51%
Paris
51%
Reykjavik
51%
Stockholm
51%
Kuala Lumpur
49%
Dubai
47%
Oslo
47%
Manila
43%
Toronto
43%
Bishkek
42%
Kathmandu
41%
Almaty
39%
Santiago
39%
Riyadh
36%
San Salvador
34%
Honiara
26%
No matching quizzes found
Score Distribution
Percent of People with Each Score
Percentile by Number Answered
Your Score History
You have not taken this quiz since the last reset